Szegedi szabadtéri játékok 1937 : [műsorfüzet]

Elmentve itt :
Bibliográfiai részletek
Dokumentumtípus: Könyv
Megjelent: 1937
Kulcsszavak:Szegedi Szabadtéri Játékok - története
Tárgyszavak:
Online Access:http://misc.bibl.u-szeged.hu/76112
LEADER 00630nam a2200169 i 4500
001 misc76112
005 20260319083222.0
008 260313s1937 hu o 000 hun d
040 |a SZTE Miscellanea Repozitórium  |b hun 
041 |a hun 
245 0 0 |a Szegedi szabadtéri játékok   |h [elektronikus dokumentum] :  |b 1937 : [műsorfüzet] 
260 |c 1937 
300 |a 24  |c 23 cm 
650 4 |a Bölcsészettudományok 
650 4 |a Művészetek (művészetek, művészettörténet, előadóművészetek, zene) 
695 |a Szegedi Szabadtéri Játékok - története 
856 4 0 |u http://misc.bibl.u-szeged.hu/76112/1/B_108006.pdf  |z Dokumentum-elérés